01663cam a22004694i 4500003000900000005001700009008004100026020001500067020001800082035002000100040004800120049000900168082001900177245014100196264003000337300006400367336002100431337002500452338002300477490004600500504003300546505016900579526001000748526001000758526001000768526001000778526000800788526000800796526000800804526000800812526000800820526000800828526000800836650003400844650002100878700003200899910000800931942001200939999001700951980005500968952017001023PE-LiUPU20250731173114.0190314s2017 ne a r 001 0 eng d a9004337954 a9789004337954 a(Sirsi) a251965 aPE-LiUPUbspacPE-LiUPUerdadPE-LiUPUerda aPRUA04a220.64bP622300aPlaying with Leviathan :binterpretation and reception of monsters from the Biblical world /cedited by Koert van Bekkum [y otros tres]. 1aLeiden :bBrill,c[2017]. axxviii, 315 páginas :bilustraciones ;c25 centímetros. atext2rdacontent aunmediated2rdamedia avolume2rdacarrier0 aThemes in Biblical Narrative ;vvolume 21 aÍndice: páginas 297-315.0 aAncient near east -- Old Testament -- Early and rabbinic Judaism -- New Testament and Early Christianity -- Theological reflections -- Iconographic representations. aSEG42 aSEG41 aSEG40 aSEG39 aP94 aP87 aP86 aP85 aP77 aP76 aP3514aMonstruosxEn la Biblia.2ram27aLeviatán.2ram1 aBekkum, Koert van,eeditor. adbm 2ddccBK c31225d31225 81gALBERTO SANCHEZ Responsable de Automatización r2025-12-02 00:00:00i3l0o220.64 P6p79997te1v142.91w2019-03-14xFTyBKzinventario-2023-12-13102ddc50708GENfP35aBULbBULcGENd2019-03-14eCOMPRAg137.91